02199 2200229 4500001002100000005001500021035002000036007000300056008004100059020001800100082001100118084001700129100002000146245009700166250001000263260003400273300002100307520149000328600010301818990002401921990002401945INLIS00000000001114720260406032603 a0010-0126000041ta260406 g 0 eng  a9780061351372 a320.82 a320.82 CUR t0 aCurtis, Michael1 aThe Great Political Theories :bFrom the French Revolution to Modern Times /cMichael Curtis aCet.2 aNew York :bAvon Books,c2008 a496 hlm ;c20 cm aThe major objective of the paper is to determine the existence of workplace bullying in selected health care organizations in the Philippines. The approach used in the study is a mixture of qualitative and quantitative research methods. The findings show that a median range of score on six factors to workplace bullying was established. Results also found that: no significant relationship exists between demographic profile of participants and their diagnosis of work-place bullying. The statistical treatment of t-test proved that there is no significant difference between the mean scores of the two groups as shown by a t-value of 2.02 in a two tailed test. The overall bullying prevalence scale is moderate as determined by individual responses of the participants. Human resource officers and organizational leaders may find the study useful in designing program intervention against workplace bullying. The implication of the study is the need for intervention program to prevent workplace bullying and revisit certain areas and policies where the degree of risk for frustration and dissents among medical personnel is high. The hospital managers must consider periodic review of personnel behaviour and policies as well as regular observation on bullying factors present in the organization to prevent its emergence. The study established the need to prevent bullying at its early stage to save organizational resources from wastage arising from workplace aggressive behavior. 4aModern Political Theory - Political Philosophy - Political Science - History of Political Thought. a27526/MKRI-P/X-2025 a27526/MKRI-P/X-2025